Accounting principles : Accounting worksheets A and B problems Chapters 1 to 14 /
Saved in:
| Main Authors: | , , |
|---|---|
| Format: | Book |
| Language: | English |
| Published: |
New York-St. Louis-San Francisco :
McGraw-Hill, Inc.,
1990.
|
| Edition: | 3. vyd. |
| Subjects: | |
| ISBN: |
0070591393 (brož.) |
| Physical Description: |
Nestr. |
| Tags: |
Add Tag
No Tags, Be the first to tag this record!
|
Titul je dostupný aj v ... 

MARC
| LEADER | 00000nam a2200000 a 4500 | ||
|---|---|---|---|
| 001 | 000065607 | ||
| 003 | SVKK | ||
| 005 | 20240610124823.0 | ||
| 008 | 001109s1990 xo e engo | ||
| 020 | |a 0070591393 (brož.) | ||
| 040 | |a SVKKK |b slo |c SVKKK |e AACR2 | ||
| 041 | 0 | |a eng | |
| 044 | |a xo |c SK | ||
| 080 | |a 657(075.8)(076) |2 1997 | ||
| 100 | 1 | |a Smith, Jack L. |4 aut | |
| 245 | 1 | 0 | |a Accounting principles : |b Accounting worksheets A and B problems Chapters 1 to 14 / |c Jack L. Smith, Robert M. Keith, William L. Stephens. |
| 250 | |a 3. vyd. | ||
| 260 | |a New York-St. Louis-San Francisco : |b McGraw-Hill, Inc., |c 1990. | ||
| 300 | |a Nestr. | ||
| 653 | 0 | |a účtovníctvo |2 SVKKKPH | |
| 653 | 0 | |a základy |2 SVKKKPH | |
| 653 | 0 | |a cvičenia |2 SVKKKPH | |
| 653 | 0 | |a učebnice VŠ |2 SVKKKPH | |
| 655 | 7 | |a učebnice vysokých škôl |2 SVKKKPH | |
| 700 | 1 | |a Keith, Robert M. |4 aut | |
| 700 | 1 | |a Stephens, William L. |4 aut | |
| 910 | |a svkkk | ||
| 919 | |a 0-07-059139-3 | ||
| 974 | |a MI |d 20001109 | ||
| 974 | |a PA |d 20001109 | ||
| 974 | |a PA |d 20010430 | ||
| 998 | |a BK | ||
| 090 | |g SCKHL |k Sklad Pribinova 3. posch. |a V.187742 |j 866945 |i 2720273366 |4 Zastaraná |s Vyradená | ||